| 000 -LEADER |
| fixed length control field |
00779nam a22001937a 4500 |
| 005 - DATE AND TIME OF LATEST TRANSACTION |
| control field |
20251127135904.0 |
| 008 - FIXED-LENGTH DATA ELEMENTS--GENERAL INFORMATION |
| fixed length control field |
251127b ||||| |||| 00| 0 eng d |
| 020 ## - INTERNATIONAL STANDARD BOOK NUMBER |
| International Standard Book Number |
9780062985989 |
| 040 ## - CATALOGING SOURCE |
| Transcribing agency |
KH8 |
| 082 ## - DEWEY DECIMAL CLASSIFICATION NUMBER |
| Classification number |
813.6 AND |
| 100 ## - MAIN ENTRY--PERSONAL NAME |
| Personal name |
ANDERSON,JOHN DAVID |
| Relator term |
AUTHOR |
| 245 ## - TITLE STATEMENT |
| Title |
RILEY'S GHOST |
| 260 ## - PUBLICATION, DISTRIBUTION, ETC. |
| Place of publication, distribution, etc. |
195 Broadway,New York,NY 10007 |
| Name of publisher, distributor, etc. |
HarperCollins Publisher's |
| Date of publication, distribution, etc. |
©2022 |
| 300 ## - PHYSICAL DESCRIPTION |
| Extent |
358 pages |
| Other physical details |
b illustration |
| Dimensions |
13 cm x 19 cm |
| 520 ## - SUMMARY, ETC. |
| Summary, etc. |
It feels like she's been on her own since sixth grade, when her best friend, Emily, ditched her for the cool girls. Girls who don't like Riley. Girls who decide one day to lock her in the science closet after hours, after everyone else has gone home. |
| 650 ## - SUBJECT ADDED ENTRY--TOPICAL TERM |
| Source of heading or term |
Ghost |
| Topical term or geographic name entry element |
Juvenile Fiction |
| 655 ## - INDEX TERM--GENRE/FORM |
| Genre/form data or focus term |
Horror |
| 942 ## - ADDED ENTRY ELEMENTS (KOHA) |
| Source of classification or shelving scheme |
|
| Koha item type |
Books - Fiction |